|
|
|
|
| LEADER |
00000nam0a2200000 4500 |
| 001 |
191254 |
| 005 |
20231101224335.0 |
| 010 |
|
|
|a 9785060061802
|
| 035 |
|
|
|a (RuTPU)RU\TPU\book\208523
|
| 035 |
|
|
|a RU\TPU\book\119153
|
| 090 |
|
|
|a 191254
|
| 100 |
|
|
|a 20070221d2010 m y0rusy50 ca
|
| 101 |
0 |
|
|a rus
|
| 102 |
|
|
|a RU
|
| 105 |
|
|
|a a j 001zy
|
| 200 |
1 |
|
|a Общая химия. Биофизическая химия. Химия биогенных элементов
|e учебник
|f Ю. А. Ершов [и др.]
|g под ред. Ю. А. Ершова
|
| 205 |
|
|
|a 8-е изд., стер.
|
| 210 |
|
|
|a Москва
|c Высшая школа
|d 2010
|
| 215 |
|
|
|a 560 с.
|c ил.
|
| 320 |
|
|
|a Список литературы: с. 548.
|
| 320 |
|
|
|a Предметный указатель: с. 549-556.
|
| 330 |
|
|
|a В учебнике изложены теоретические основы и освещены вопросы применения химических и физико-химических методов к анализу явлений в биологических системах различного уровня от молекулярного до экологического. Особое внимание уделено количественной стороне рассматриваемых закономерностей. Иллюстрации и примеры носят медико-биологический характер. Для студентов медицинских, биологических, агрономических, ветеринарных и экологических специальностей вузов.
|
| 451 |
|
1 |
|0 (RuTPU)RU\TPU\book\119153
|y 5-06-003626-X
|t Общая химия. Биофизическая химия. Химия биогенных элементов
|o учебник
|f Ю. П. Ершов [и др.]
|g под ред. Ю. А. Ершова
|e 6-е изд., испр.
|c М.
|n Высшая школа
|d 2007
|p 560 с.
|
| 451 |
|
|
|y 978-5-06-003626-8
|
| 606 |
1 |
|
|a Химия общая
|2 stltpush
|3 (RuTPU)RU\TPU\subj\67862
|9 83510
|
| 606 |
1 |
|
|a Биохимическая физика
|2 stltpush
|3 (RuTPU)RU\TPU\subj\66067
|9 82302
|
| 610 |
1 |
|
|a учебники
|
| 610 |
1 |
|
|a биогенные элементы
|
| 610 |
1 |
|
|a химическая термодинамика
|
| 610 |
1 |
|
|a биоэнергетика
|
| 610 |
1 |
|
|a химические растворы
|
| 610 |
1 |
|
|a ионное равновесие
|
| 610 |
1 |
|
|a обменные реакции
|
| 610 |
1 |
|
|a атомы
|
| 610 |
1 |
|
|a строение
|
| 610 |
1 |
|
|a химическая связь
|
| 610 |
1 |
|
|a молекулы
|
| 610 |
1 |
|
|a биосфера
|
| 610 |
1 |
|
|a химические элементы
|
| 610 |
1 |
|
|a биохимические реакции
|
| 610 |
1 |
|
|a поверхностные явления
|
| 610 |
1 |
|
|a электрохимия
|
| 610 |
1 |
|
|a дисперсные системы
|
| 610 |
1 |
|
|a физическая химия
|
| 610 |
1 |
|
|a биополимеры
|
| 675 |
|
|
|a 54(075.8)
|v 3
|
| 675 |
|
|
|a 577.3(075.8)
|v 3
|
| 701 |
|
1 |
|a Ершов
|b Ю. А.
|g Юрий Алексеевич
|
| 701 |
|
1 |
|a Попков
|b В. А.
|g Владимир Андреевич
|
| 701 |
|
1 |
|a Берлянд
|b А. С.
|g Александр Семенович
|
| 701 |
|
1 |
|a Книжник
|b А. З.
|g Аркадий Земович
|
| 702 |
|
1 |
|a Ершов
|b Ю. А.
|g Юрий Алексеевич
|4 340
|
| 801 |
|
1 |
|a RU
|b 63413507
|c 20110203
|
| 801 |
|
2 |
|a RU
|b 63413507
|c 20150520
|g RCR
|
| 900 |
|
|
|a Химия
|
| 900 |
|
|
|a Биохимия
|
| 942 |
|
|
|c BK
|
| 952 |
|
|
|b 020100
|b 020400
|b 022000
|
| 959 |
|
|
|a 19/20110203
|d 2
|e 821,70
|f ЧЗТЛ:1
|f УФ:1
|